XO (Only if you say yes) feat JVKE - ENHYPEN - Statistiques

Statistiques générales
  • Ce quiz a été pris 42 fois
  • Le résultat moyen est 135 sur 225
Statistiques - réponses
Chanteur Paroles % Correct
Kiss
100%
me
100%
Heeseung | Jake | Jay | +4 others XO
100%
Don't
96%
don't
96%
no
96%
say
88%
Say
88%
I
84%
Heeseung | Sunoo You
84%
you
84%
Yeah
80%
yeah
80%
a
64%
go
64%
let
64%
need
64%
Jake | Jay So
64%
so
64%
yes
64%
love
60%
my
60%
to
60%
it
56%
from
52%
in
52%
Jake | Jungwon Just
52%
like
52%
the
52%
drama
48%
girl
48%
more
48%
JVKE On
48%
play
48%
sauna
48%
Heeseung And
44%
be
44%
cliche
44%
face
44%
hot
44%
name
44%
scar
44%
We
44%
we
44%
who
44%
baby
40%
could
40%
flame
40%
games
40%
Keep
40%
Some
40%
some
40%
way
40%
best
36%
heal
36%
into
36%
it's
36%
Look
36%
really
36%
turn
36%
side
32%
spark
32%
typa
32%
feel
28%
I'm
28%
make
28%
one
28%
That's
28%
ain't
24%
ballin
24%
home
24%
lanes
24%
phase
24%
Speedin
24%
stays
24%
switching
24%
Jay | Jungwon This
24%
But
20%
courtside
20%
finally
20%
Got
20%
promise
20%
team
20%
I'mma
16%
OT
16%
winning
16%
hey
12%
sitting
12%
Aucun quiz correspondant
Distribution des résultats
% des personnes avec chaque résultat
Percentile par nombre de réponses
Votre historique - résultats
Vous n’avez pas pris ce quiz